logo

Bir Sreshtho Munshi Abdur Rouf Library
Jhenaidah Cadet College

Cleopatra's kidnappers / (Record no. 2702)

MARC details
000 -LEADER
fixed length control field 00592nam a2200229 a 4500
001 - CONTROL NUMBER
JCCL Control Number 2702
003 - CONTROL NUMBER IDENTIFIER
JCCL marc code BD-JhCC
005 - DATE AND TIME OF LATEST TRANSACTION
control field 20230205134024.0
008 - FIXED-LENGTH DATA ELEMENTS--GENERAL INFORMATION
fixed length control field 171106s2006 n |||| ||a| 000 0 eng d
020 ## - INTERNATIONAL STANDARD BOOK NUMBER
International Standard Book Number 139780471719335
035 ## - SYSTEM CONTROL NUMBER
system control number (BD-JhCC) 2702
040 ## - CATALOGING SOURCE
Original cataloging agency BD-JhCC
Modifying agency BD-JhCC
041 ## - LANGUAGE CODE
Language code of Book eng
082 ## - DEWEY DECIMAL CLASSIFICATION NUMBER
Classification number 932.021
Author mark and Year COL 2006
100 ## - MAIN ENTRY--PERSONAL NAME
Personal name Collins, Stephen Dando
245 ## - TITLE STATEMENT
Title Cleopatra's kidnappers /
Statement of responsibility, etc Stephen Dando Collins
260 ## - PUBLICATION, DISTRIBUTION, ETC. (IMPRINT)
Place of publication, distribution, etc Newyork :
Name of publisher, distributor, etc WIlEy ,
Date of publication, distribution, etc 2006
300 ## - PHYSICAL DESCRIPTION
Pagination 286 p .:
Dimensions 22 cm .
650 ## - SUBJECT ADDED ENTRY--TOPICAL TERM
Topical term or geographic name as entry element Cleopatra,Queen of Egypt
942 ## - ADDED ENTRY ELEMENTS (KOHA)
Source of classification or shelving scheme Dewey Decimal Classification
Koha item type Books
Koha issues (borrowed), all copies 3
Holdings
Source of classification or shelving scheme Damaged status Not for loan Home library Current library Shelving location Date of accession Total Checkouts Full call number Barcode Date last seen Date checked out Copy number Koha item type
Dewey Decimal Classification     JCC Rouf Library JCC Rouf Library General Stacks 11/06/2017 3 932.021 COL 2006 3019 02/07/2023 02/05/2023 C- 1 Books

JCC Library | Contacts | JCC Home

Last Update on 23 September 2017
Copyright @ 2017-2020 JCC Rouf Library
Rouf Library, Jhenidah Cadet College (JCC), Bangladesh